00248 a2200121 4500001000700000020000600007040001100013100003500024240002800059245002300087300000700110362000900117184518 a  cMagnum aBarbosa, Clara Maria Rodrigues10aÓculos mágicoslpor10aÓculos mágicos a320 a1992